| 000 | 00823nam a2200265Ia 4500 | ||
|---|---|---|---|
| 003 | OSt | ||
| 005 | 20220925205812.0 | ||
| 006 | a|||||r|||| 00| 0 | ||
| 007 | ta | ||
| 008 | 220923b |||||||| |||| 00| 0 eng d | ||
| 020 | _a8178000466 | ||
| 037 | _cGeneral Book | ||
| 040 |
_aRTL _cRTL _beng |
||
| 041 |
_2eng _aeng |
||
| 082 | _aU215:(G:55).216.P, P3 | ||
| 100 |
_aDurga Prasad M K Ed. _9271058 |
||
| 245 | 0 |
_aLake Kolleru environmental status _b Past and present |
|
| 260 |
_aHyderabad _bB S Publications India _c2003 |
||
| 300 |
_avii,236p _ccm. |
||
| 500 | _aBibliography P 227-36 | ||
| 650 |
_aLakes Geography _9271059 |
||
| 700 |
_a Anjane Yulu Y Ed. _9271060 |
||
| 942 |
_hU215:(G:55).216.P, P3 _cGB _2CC |
||
| 999 |
_c553256 _d553256 |
||